LEADER 01326nam0 22003011i 450 001 UON00161253 005 20231205103009.390 010 $a82-916261-5-4 100 $a20020708d1999 |0itac50 ba 101 $aeng 102 $aSE 105 $a|||| ||||| 200 1 $aˆThe ‰world of ancient magic$epapers from the first International Samson Eitrem Seminar at the Norwegian Institute at Athens, 4-8 May 1997$fEd. by David R. Jordan$bet al.] 210 $aBergen$cThe Norwegian Institute at Athens$d1999 215 $a335 p.$d24 cm 410 1$1001UON00165538$12001 $aPapers from the Norwegian Institute at Athens$v4 606 $aMAGIA$xMondo classico$xCongressi$3UONC030440$2FI 620 $aNO$dBergen$3UONL001495 676 $a133.43$cMagia e stregoneria$v21 702 1$aJORDAN$bDavid R.$3UONV086663 710 02$aINTERNATIONAL SAMSON EITREM SEMINAR$f1.$f1997$cAtene$3UONV096823$0674368 712 $aNorwegian Institute at Athens$3UONV265291$4650 801 $aIT$bSOL$c20240220$gRICA 899 $aSIBA - SISTEMA BIBLIOTECARIO DI ATENEO$2UONSI 912 $aUON00161253 950 $aSIBA - SISTEMA BIBLIOTECARIO DI ATENEO$dSI F 237 $eSI MC 26218 5 996 $aWorld of ancient magic$91284389 997 $aUNIOR LEADER 03400nam 2200625 a 450 001 9910966191103321 005 20251117094625.0 010 $a1-283-36598-7 010 $a9786613365989 010 $a90-04-21443-7 024 7 $a10.1163/9789004214439 035 $a(CKB)2550000000073711 035 $a(EBL)1010599 035 $a(OCoLC)775468405 035 $a(SSID)ssj0000566186 035 $a(PQKBManifestationID)11973694 035 $a(PQKBTitleCode)TC0000566186 035 $a(PQKBWorkID)10534213 035 $a(PQKB)11731336 035 $a(MiAaPQ)EBC1010599 035 $a(nllekb)BRILL9789004214439 035 $a(Au-PeEL)EBL1010599 035 $a(CaPaEBR)ebr10518818 035 $a(CaONFJC)MIL336598 035 $a(PPN)170736113 035 $a(EXLCZ)992550000000073711 100 $a20110915d2012 uy 0 101 0 $aeng 135 $aur||||||||||| 181 $ctxt$2rdacontent 182 $cc$2rdamedia 183 $acr$2rdacarrier 200 10$aTextual research on the Psalms and Gospels $epapers from the Tbilisi Colloquium on the Editing and History of Biblical Manuscripts /$fedited by Christian-B. Amphoux, J. Keith Elliott, with Bernard Outtier = Recherches textuelles sur les Psaumes et les Evangiles : actes du colloque de Tbilisi, 19-20 septembre 2007 / [edite? par] Christian-B. Amphoux, J. Keith Elliott, avec Bernard Outtier 205 $a1st ed. 210 $aLeiden ;$aBoston $cBrill$d2012 215 $a1 online resource (298 pages) 225 1 $aSupplements to Novum Testamentum,$x0167-9732 ;$vv. 142 300 $aDescription based upon print version of record. 311 08$a90-04-20927-1 320 $aIncludes bibliographical references and indexes. 327 $apt. 1. The Psalms = Psaumes -- pt. 2. The gospels = E?vangiles. 330 $aRecent research on the text of the Psalms and Gospels in Greek and in certain versions, principally Coptic, Georgian and Armenian, reveals common characteristics when attempting to separate later editions of a text from its earliest forms. The essays in this collection give concrete examples of the issues involved and suggested explanations for textual changes. Les versions anciennes de la Bible ont un intérêt majeur dans la mesure où elles traduisent un modèle qui n'est pas celui des traductions modernes et conservent ainsi des formes textuelles disparues, souvent très anciennes. C'est en particulier le cas des versions géorgiennes, pour lesquelles des convergences sont apparues entre les recherches menées à Tbilisi et dans diverses équipes européennes. Centré sur les psaumes et les évangiles, le colloque a réuni des communications concernant diverses langues de versions anciennes, en particulier le géogien, mais aussi le copte, le syriaque, l'arménien et l'albanien du Caucase, à partir du grec de la Septante et du Nouveau Testament. 410 0$aSupplements to Novum Testamentum ;$vv. 142. 517 3 $aRecherches textuelles sur les Psaumes et les Evangiles 676 $a226/.4046 701 $aAmphoux$b Christian-Bernard$01862039 701 $aElliott$b J. K$g(James Keith)$0171578 701 $aOuttier$b Bernard$f1941-$0292893 801 0$bMiAaPQ 801 1$bMiAaPQ 801 2$bMiAaPQ 906 $aBOOK 912 $a9910966191103321 996 $aTextual research on the Psalms and Gospels$94468292 997 $aUNINA